01457pam a22003254a 4500001001200000003000800012006001900020007001500039008004100054010001700095020003600112020003500148040002100183035002100204050002300225082001400248245011900262260005300381300002300434500014200457504005100599533015200650650004300802650005000845650004300895655002900938700002100967710001700988856012601005ebr10016673CaPaEBRm u cr cn|||||||||011218s2002 inua sb s101 0 eng  z 2001008306 z0253341256 (cloth : alk. paper) z0253215382 (pbk. : alk. paper) aCaPaEBRcCaPaEBR a(OCoLC)61455102214aGN358b.C75 2002eb04a303.422100aCritically modernh[electronic resource] :balternatives, alterities, anthropologies /cedited by Bruce M. Knauft. aBloomington :bIndiana University Press,cc2002. aix, 329 p. :bill. aRevisions of papers presented at a special session held at the 2000 meeting of the American Anthropological Association in San Francisco. aIncludes bibliographical references and index. aElectronic reproduction.bPalo Alto, Calif. :cebrary,d2013.nAvailable via World Wide Web.nAccess may be limited to ebrary affiliated libraries. 0aSocial changevCross-cultural studies. 0aCivilization, ModernvCross-cultural studies. 0aAcculturationvCross-cultural studies. 7aElectronic books.2local1 aKnauft, Bruce M.2 aebrary, Inc.40uhttp://site.ebrary.com/lib/rucke/Doc?id=10016673zAn electronic book accessible through the World Wide Web; click to view